Jeux olympiques Paris 2024 - Nations participantes prévues - Statistiques

Statistiques générales
  • Ce quiz a été pris 134 fois
  • Le résultat moyen est 135 sur 204
Statistiques - réponses
Info PAYS % Correct
France
95%
Etats-Unis
86%
Allemagne
85%
Belgique
85%
Brésil
84%
Chine
84%
Espagne
84%
Royaume-Uni
84%
Algérie
83%
Canada
83%
Finlande
83%
Portugal
83%
Argentine
82%
Australie
82%
Russie
82%
Afrique du Sud
81%
Japon
81%
Maroc
81%
Israël
80%
Italie
80%
Mexique
80%
Nouvelle Zélande
80%
Pologne
80%
Suède
80%
Tunisie
80%
Ukraine
80%
Chili
79%
Estonie
79%
Irlande
79%
Islande
79%
Lituanie
79%
Andorre
78%
Arabie Saoudite
78%
Norvège
78%
Suisse
78%
Congo
77%
Corée du Sud
77%
Croatie
77%
Grèce
77%
Lettonie
77%
Albanie
76%
Angola
76%
Biélorussie
76%
Colombie
76%
Equateur
76%
Hongrie
76%
Inde
76%
Slovaquie
76%
Slovénie
76%
Afghanistan
75%
Autriche
75%
Egypte
75%
Uruguay
75%
Zambie
75%
Danemark
74%
Libye
74%
Luxembourg
74%
Turquie
74%
Venezuela
74%
Zimbabwe
74%
Guinée
73%
Irak
73%
Paraguay
73%
Pays-Bas
73%
Qatar
73%
Roumanie
73%
Ethiopie
72%
Fidji
72%
Iran
72%
Pakistan
72%
Saint Marin
72%
Soudan
72%
Tchéquie
72%
Thaïlande
72%
Bénin
71%
Bulgarie
71%
Kosovo
71%
Monaco
71%
Sénégal
71%
Serbie
71%
Yemen
71%
Cuba
70%
Emirats arabes unis
70%
Kenya
70%
Liechtenstein
70%
Mali
70%
Mauritanie
70%
Mongolie
70%
Pérou
70%
Soudan du Sud
70%
Viêt Nam
70%
Arménie
69%
Cameroun
69%
Kazakhstan
69%
Liban
69%
Malte
69%
Népal
69%
Panama
69%
Somalie
69%
Bolivie
68%
Ghana
68%
Indonésie
68%
Niger
68%
Azerbaïdjan
67%
Chypre
67%
Géorgie
67%
Guinée équatoriale
67%
Jordanie
67%
Laos
67%
Malaisie
67%
Nigeria
67%
Philippines
67%
Turkménistan
67%
Bosnie-Herzégovine
66%
Cambodge
66%
Côte d'Ivoire
66%
Guinée Bissau
66%
Guyana
66%
Haiti
66%
Jamaïque
66%
Oman
66%
Ouzbékistan
66%
Syrie
66%
Costa Rica
65%
Erythrée
65%
Madagascar
65%
Monténégro
65%
Namibie
65%
Nicaragua
65%
Sri Lanka
65%
Suriname
65%
Togo
65%
Tonga
65%
Bangladesh
64%
Macédoine du Nord
64%
Salvador
64%
Singapour
64%
Tadjikistan
64%
Tanzanie
64%
Tchad
64%
Guatemala
63%
Lesotho
63%
Samoa
63%
Seychelles
63%
Birmanie
62%
Burkina Faso
62%
Moldavie
62%
Mozambique
62%
République Dominicaine
62%
Comores
61%
Gabon
61%
Kirghizistan
61%
Ouganda
61%
Rwanda
61%
Bahreïn
60%
Belize
60%
Bhoutan
60%
Brunei
60%
Djibouti
60%
Eswatini
60%
Maurice
60%
Palestine
60%
Sainte Lucie
60%
Taïwan
60%
Antigua et Barbuda
59%
Gambie
59%
Koweït
59%
Liberia
59%
Papouasie Nouvelle Guinée
59%
Saint Vincent et les Grenadines
59%
Centrafrique
58%
Maldives
58%
Sierra Leone
58%
Vanuatu
58%
Botswana
57%
Burundi
57%
Dominique
57%
Trinité et Tobago
57%
Cap-Vert
56%
Malawi
56%
Saint Christophe et Niévés
56%
Tuvalu
56%
Bahamas
55%
Barbade
55%
Kiribati
55%
Micronésie
55%
Nauru
55%
Palaos
55%
Salomon
55%
Timor oriental
55%
Sao Tome et Principe
54%
Grenade
53%
Marshall
53%
* Hong Kong
40%
* Porto Rico
34%
* Bermudes
29%
* Aruba
27%
* Guam
24%
* Cook
19%
* Samoa américaines
17%
* Caïmans
14%
* Vierges américaines
8%
* Vierges britanniques
8%
Congo RD
1%
Aucun quiz correspondant
Distribution des résultats
% des personnes avec chaque résultat
Percentile par nombre de réponses
Votre historique - résultats
Vous n’avez pas pris ce quiz